Inermediate microeconomics/ (Record no. 18605)
[ view plain ]
| 000 -LEADER | |
|---|---|
| fixed length control field | 00423nam a22001457a 4500 |
| 008 - FIXED-LENGTH DATA ELEMENTS--GENERAL INFORMATION | |
| fixed length control field | 201112b xxu||||| |||| 00| 0 eng d |
| 020 ## - INTERNATIONAL STANDARD BOOK NUMBER | |
| International Standard Book Number | 9780415870054 |
| 050 ## - LIBRARY OF CONGRESS CALL NUMBER | |
| Classification number | HB 172 |
| Item number | .B36 2015 C.1 |
| 100 ## - MAIN ENTRY--PERSONAL NAME | |
| Personal name | Banerjee, Samiran |
| 245 ## - TITLE STATEMENT | |
| Title | Inermediate microeconomics/ |
| Remainder of title | a tool-building approach |
| Statement of responsibility, etc. | Samiran Banerjee |
| 260 ## - PUBLICATION, DISTRIBUTION, ETC. (IMPRINT) | |
| Place of publication, distribution, etc. | Londan; |
| Name of publisher, distributor, etc. | Routlege, |
| Date of publication, distribution, etc. | 2015 |
| 300 ## - PHYSICAL DESCRIPTION | |
| Extent | xv, 325p. |
| 650 ## - SUBJECT ADDED ENTRY--TOPICAL TERM | |
| Topical term or geographic name as entry element | Micrieconomics |
| 942 ## - ADDED ENTRY ELEMENTS (KOHA) | |
| Source of classification or shelving scheme | Library of Congress Classification |
| Koha item type | General Collection |
| Withdrawn status | Lost status | Source of classification or shelving scheme | Not for loan | Home library | Current library | Date acquired | Cost, normal purchase price | Inventory number | Total Checkouts | Full call number | Barcode | Date last seen | Date last checked out | Copy number | Price effective from | Koha item type |
|---|---|---|---|---|---|---|---|---|---|---|---|---|---|---|---|---|
| Library of Congress Classification | Kabarak, Main Campus | Kabarak, Main Campus | 12/11/2020 | 4441.00 | 2020/1454 | 3 | HB 172 .B36 2015 C.1 | 030352 | 02/08/2024 | 27/03/2024 | c.1 | 12/11/2020 | General Collection | |||
| Library of Congress Classification | Kabarak, Main Campus | Kabarak, Main Campus | 12/11/2020 | 4441.00 | 2020/1453 | 6 | HB 172 .B36 2015 C.1 | 030353 | 02/08/2024 | 27/11/2023 | c.2 | 12/11/2020 | General Collection | |||
| Library of Congress Classification | Kabarak, Main Campus | Kabarak, Main Campus | 12/11/2020 | 4441.00 | 2020/1452 | 3 | HB 172 .B36 2015 C.3 | 030354 | 11/10/2022 | 24/09/2022 | c.3 | 12/11/2020 | General Collection |